[Event "BL 2425 SV Werder Bremen - SC Viernheim"]
[Site "?"]
[Date "2024.12.01"]
[Round "4.5"]
[White "Amin, Bassem"]
[Black "Van Foreest, Lucas"]
[Result "0-1"]
[WhiteElo "2652"]
[BlackElo "2520"]
[PlyCount "90"]
[EventDate "2024.??.??"]

1. Nf3 d5 2. g3 g6 3. Bg2 Bg7 4. d4 Nf6 5. O-O O-O 6. a4 c5 7. dxc5 Na6 8. a5 Ne4 9. Nfd2 Naxc5 10. Nxe4 Nxe4 11. Nd2 Nf6 12. e4 Be6 13. c3 Qc7 14. Re1 Rfd8 15. Qa4 Rac8 16. exd5 Bxd5 17. Nf3 Nd7 18. Qh4 Qc6 19. Ng5 h6 20. Nxf7 Bxg2 21. Nxd8 Rxd8 22. Qxe7 Bh3 23. f3 Bf6 24. Qe4 Ne5 25. Qxc6 bxc6 26. Re3 Rd1+ 27. Kf2 Bf1 28. Re4 Nd3+ 29. Ke3 Re1+ 30. Kd2 Rxe4 31. fxe4 Bg5+ 32. Kc2 Nxc1 33. Ra4 c5 34. a6 Be3 35. e5 Kf7 36. b3 Ke6 37. Ra5 Kxe5 38. c4 Nd3 39. Rb5 Nb4+ 40. Kc3 Bg2 41. Rb8 Bd4+ 42. Kd2 Nxa6 43. Rh8 h5 44. Rh7 Nb4 45. Rxa7 Be4 0-1

[Event "BL 2425 SV Werder Bremen - SC Viernheim"]
[Site "?"]
[Date "2024.12.01"]
[Round "4.8"]
[White "Reuker, Jari"]
[Black "Tarlev, Konstantin"]
[Result "1-0"]
[WhiteElo "2408"]
[BlackElo "2555"]
[PlyCount "94"]
[EventDate "2024.??.??"]

1. e4 c5 2. Nf3 e6 3. d4 cxd4 4. Nxd4 Nc6 5. Nc3 Qc7 6. Be2 Nf6 7. Ndb5 Qb8 8. f4 d6 9. Be3 Be7 10. g4 a6 11. Nd4 Nxd4 12. Qxd4 e5 13. Qd1 exf4 14. Bxf4 h6 15. Qd4 Qa7 16. O-O-O Qxd4 17. Rxd4 Bxg4 18. Bxg4 Nxg4 19. Bxd6 Bxd6 20. Rxd6 O-O 21. Rg1 Ne5 22. Rxh6 g6 23. Nd5 Kg7 24. Rh3 Rh8 25. Rgg3 Rxh3 26. Rxh3 Re8 27. Rb3 Nc4 28. Rxb7 Rxe4 29. Re7 Rd4 30. Nc3 Rg4 31. b3 Rg1+ 32. Nd1 Nd6 33. Kd2 Rh1 34. Re2 f5 35. c4 Ne4+ 36. Kc2 g5 37. b4 Nd6 38. c5 Nb5 39. Rd2 Kf6 40. a4 Nc7 41. c6 g4 42. Nc3 f4 43. b5 axb5 44. axb5 g3 45. hxg3 fxg3 46. b6 Na6 47. c7 Rh8 1-0

[Event "BL 2425 FC St. Pauli - SC Heimbach-Weis-"]
[Site "?"]
[Date "2024.12.01"]
[Round "4.1"]
[White "Livaic, Leon"]
[Black "Christiansen, Johan-Sebastian"]
[Result "1/2-1/2"]
[WhiteElo "2560"]
[BlackElo "2661"]
[PlyCount "62"]
[EventDate "2024.??.??"]

1. d4 Nf6 2. c4 e6 3. Nf3 d5 4. g3 dxc4 5. Bg2 Nbd7 6. O-O c6 7. a4 a5 8. Qc2 b5 9. Ne5 Nxe5 10. dxe5 Nd5 11. axb5 cxb5 12. Nc3 Qb6 13. Nxd5 exd5 14. Bxd5 Ra7 15. Bxc4 Bc5 16. Bd5 O-O 17. Kg2 Rc7 18. Qd3 b4 19. Qf3 Re7 20. e4 Rxe5 21. Be3 Bxe3 22. Qxe3 Qxe3 23. fxe3 Be6 24. Rxa5 Bxd5 25. exd5 Rxe3 26. Rf3 Re2+ 27. Rf2 Re5 28. Rb5 h5 29. Rd2 Rd8 30. Kf3 Kh7 31. h4 f6 1/2-1/2

[Event "BL 2425 FC St. Pauli - SC Heimbach-Weis-"]
[Site "?"]
[Date "2024.12.01"]
[Round "4.2"]
[White "Bjerre, Jonas Buhl"]
[Black "Polak, Tomas"]
[Result "1-0"]
[WhiteElo "2642"]
[BlackElo "2472"]
[PlyCount "81"]
[EventDate "2024.??.??"]

1. e4 c6 2. d4 d5 3. exd5 cxd5 4. Bd3 Nc6 5. c3 Nf6 6. Bf4 Bg4 7. Nf3 Qd7 8. Nbd2 e6 9. Qb3 Bxf3 10. Nxf3 Bd6 11. Bxd6 Qxd6 12. O-O O-O 13. Rfe1 Qc7 14. Qc2 g6 15. Re2 a6 16. Qd2 Kg7 17. Rae1 Rae8 18. Ne5 Nxe5 19. dxe5 Nd7 20. Re3 Rh8 21. h4 Qd8 22. Rh3 h5 23. Qf4 Qe7 24. Rg3 Rh7 25. Ree3 Kh8 26. Rg5 Rg8 27. Rh3 Rgg7 28. Be2 Rg8 29. Bd3 Rgg7 30. c4 Nb6 31. b3 dxc4 32. bxc4 Nd7 33. Bc2 Nc5 34. Kh2 b6 35. g4 hxg4 36. Qxg4 f5 37. exf6 Qxf6 38. Rf3 Qe7 39. Bxg6 Rh6 40. h5 Ne4 41. Qxe4 1-0

[Event "BL 2425 FC St. Pauli - SC Heimbach-Weis-"]
[Site "?"]
[Date "2024.12.01"]
[Round "4.3"]
[White "Zilka, Stepan"]
[Black "Maurizzi, Marc`Andria"]
[Result "1/2-1/2"]
[WhiteElo "2532"]
[BlackElo "2576"]
[PlyCount "55"]
[EventDate "2024.??.??"]

1. d4 Nf6 2. c4 e6 3. Nc3 d5 4. Bg5 Be7 5. e3 h6 6. Bh4 Nbd7 7. Nf3 c6 8. Rc1 O-O 9. a3 Ne8 10. Bxe7 Qxe7 11. Qc2 Nd6 12. cxd5 exd5 13. Bd3 Nf6 14. O-O g6 15. Na4 Bf5 16. Nc5 Bxd3 17. Qxd3 Nd7 18. b4 a5 19. Qb3 Ra7 20. h3 Rfa8 21. Rfe1 axb4 22. axb4 Ra2 23. Qb1 Nb6 24. Qd3 Rb2 25. Ra1 Rba2 26. Rxa2 Rxa2 27. Qb1 Ra8 28. e4 1/2-1/2

[Event "BL 2425 FC St. Pauli - SC Heimbach-Weis-"]
[Site "?"]
[Date "2024.12.01"]
[Round "4.4"]
[White "Janik, Igor"]
[Black "Ferreira, Jorge Viterbo"]
[Result "1/2-1/2"]
[WhiteElo "2515"]
[BlackElo "2523"]
[PlyCount "49"]
[EventDate "2024.??.??"]

1. Nf3 d5 2. g3 Nf6 3. Bg2 e6 4. c4 Be7 5. O-O O-O 6. d4 c6 7. Nc3 a5 8. Bg5 Nbd7 9. e3 dxc4 10. Nd2 Nb6 11. Qe2 Nfd5 12. Bxe7 Qxe7 13. Nxc4 Nxc4 14. Qxc4 Qb4 15. Qd3 b6 16. Qc2 Ba6 17. Rfc1 Rac8 18. a3 Qe7 19. Qb3 Qa7 20. Na4 Bb5 21. Nc3 Ba6 22. Rc2 Nxc3 23. Rxc3 c5 24. dxc5 bxc5 25. Rd1 1/2-1/2

[Event "BL 2425 FC St. Pauli - SC Heimbach-Weis-"]
[Site "?"]
[Date "2024.12.01"]
[Round "4.5"]
[White "Kraus, Tomas"]
[Black "Feuerstack, Aljoscha"]
[Result "1/2-1/2"]
[WhiteElo "2447"]
[BlackElo "2461"]
[PlyCount "154"]
[EventDate "2024.??.??"]

1. e4 c5 2. Nf3 e6 3. d4 cxd4 4. Nxd4 Nf6 5. Nc3 Nc6 6. Ndb5 Bb4 7. a3 Bxc3+ 8. Nxc3 d5 9. exd5 exd5 10. Bd3 O-O 11. O-O Bg4 12. f3 Bh5 13. Bg5 Qb6+ 14. Kh1 Ne4 15. Nxe4 dxe4 16. Bxe4 Qxb2 17. Qb1 Qb6 18. Qxb6 axb6 19. Rfb1 Bg6 20. Bxg6 hxg6 21. Rxb6 Nd4 22. c3 Nc2 23. Rc1 Nxa3 24. Rxb7 f6 25. Bf4 g5 26. Bg3 Nc4 27. Rc7 Rfc8 28. Rxc8+ Rxc8 29. Kg1 Nb2 30. Kf1 Nd3 31. Rc2 Nb4 32. Rb2 Nd5 33. Be1 Ne3+ 34. Kg1 Ra8 35. Re2 Nd5 36. Kf2 Nf4 37. Rd2 Ra1 38. Rd8+ Kf7 39. Bd2 Ke7 40. Rd4 Ra2 41. g3 Ng6 42. Ke2 Ra8 43. h4 gxh4 44. gxh4 Ke6 45. Rb4 Ra2 46. h5 Ne5 47. f4 Nd7 48. Re4+ Kf7 49. Rd4 Nc5 50. Rb4 f5 51. Ke3 Ne4 52. Rd4 Nf6 53. c4 Nxh5 54. Rd7+ Ke6 55. Rd5 Ng3 56. Re5+ Kd7 57. Kf3 Ne4 58. Bb4 g6 59. Re7+ Kc8 60. Rg7 Rb2 61. Be1 Rb6 62. Ke3 Nc5 63. Bh4 Rb3+ 64. Kd2 Rd3+ 65. Ke2 Rd6 66. Rg8+ Kc7 67. Bf2 Ne4 68. Ba7 Re6 69. Bb8+ Kb7 70. Kd3 Nf6 71. Rd8 Re4 72. Be5 Ng4 73. Bd4 Rxf4 74. Rg8 Rf3+ 75. Ke2 Rf4 76. Kd3 Rf3+ 77. Ke2 Rf4 1/2-1/2

[Event "BL 2425 FC St. Pauli - SC Heimbach-Weis-"]
[Site "?"]
[Date "2024.12.01"]
[Round "4.6"]
[White "Sawatzki, Frank"]
[Black "Kosakowski, Jakub"]
[Result "0-1"]
[WhiteElo "2346"]
[BlackElo "2539"]
[PlyCount "102"]
[EventDate "2024.??.??"]

1. e4 c5 2. Nf3 d6 3. d4 cxd4 4. Nxd4 Nf6 5. Nc3 a6 6. Be2 e5 7. Nb3 Be7 8. O-O O-O 9. Qd3 Be6 10. Nd5 Bxd5 11. exd5 Nbd7 12. Bd2 Re8 13. c4 a5 14. a4 Bf8 15. Kh1 g6 16. Rae1 Bg7 17. g4 e4 18. Qe3 h6 19. Nd4 Ne5 20. h3 Rc8 21. b3 Nfd7 22. Rg1 Nc5 23. Bc3 Ned3 24. Bxd3 exd3 25. Qxe8+ Qxe8 26. Rxe8+ Rxe8 27. Kg2 Nxb3 28. Nxb3 Bxc3 29. Rd1 Rc8 30. c5 dxc5 31. Rxd3 Bb4 32. Rd1 Kf8 33. Na1 Ke7 34. Nc2 Kd6 35. Kf3 c4 36. Ke4 c3 37. Ne3 Ba3 38. Nc2 Bc5 39. Rd3 Re8+ 40. Kf3 Bb4 41. Rd1 Kc5 42. Rd4 b5 43. axb5 Kxb5 44. d6 Rd8 45. d7 Bc5 46. Rd1 Kc6 47. Rd3 Rxd7 48. Rxc3 Rd2 49. Ne3 a4 50. Rc4 Kb5 51. Re4 a3 0-1

[Event "BL 2425 FC St. Pauli - SC Heimbach-Weis-"]
[Site "?"]
[Date "2024.12.01"]
[Round "4.7"]
[White "Winterberg, Lukas"]
[Black "Krause, Jonah"]
[Result "1/2-1/2"]
[WhiteElo "2410"]
[BlackElo "2361"]
[PlyCount "101"]
[EventDate "2024.??.??"]

1. d4 Nf6 2. Nf3 g6 3. c4 Bg7 4. Nc3 d5 5. cxd5 Nxd5 6. e4 Nxc3 7. bxc3 c5 8. Bb5+ Nc6 9. Rb1 O-O 10. d5 Ne5 11. O-O a6 12. Be2 Nxf3+ 13. Bxf3 b5 14. Be3 Qd6 15. Qc1 Bd7 16. h3 h5 17. Bf4 Be5 18. Bh6 a5 19. Bxf8 Rxf8 20. Be2 b4 21. cxb4 axb4 22. a3 Bf4 23. Qb2 Rb8 24. Qb3 h4 25. axb4 cxb4 26. Bg4 Be8 27. Rfd1 Bh2+ 28. Kh1 Be5 29. Rdc1 Qf6 30. Qf3 Qxf3 31. gxf3 b3 32. f4 Bd4 33. Rc4 Bxf2 34. Kg2 Bg3 35. e5 b2 36. d6 exd6 37. exd6 f5 38. Bf3 Bf7 39. Ra4 Be6 40. Ra8 Rxa8 41. Bxa8 Bxf4 42. Rxb2 Kf7 43. Rb7+ Kf6 44. Rh7 Bxd6 45. Rxh4 g5 46. Rh6+ Ke5 47. Rg6 g4 48. hxg4 fxg4 49. Rxe6+ Kxe6 50. Bf3 gxf3+ 51. Kxf3 1/2-1/2

[Event "BL 2425 FC St. Pauli - SC Heimbach-Weis-"]
[Site "?"]
[Date "2024.12.01"]
[Round "4.8"]
[White "Jahncke, Giso"]
[Black "Tica, Sven"]
[Result "1/2-1/2"]
[WhiteElo "2226"]
[BlackElo "2430"]
[PlyCount "108"]
[EventDate "2024.??.??"]

1. c4 e6 2. Nf3 d5 3. e3 Nf6 4. Nc3 a6 5. b3 Bd6 6. Bb2 O-O 7. Be2 b6 8. cxd5 exd5 9. O-O Bb7 10. Qc2 Nbd7 11. Rfe1 Re8 12. Bf1 Rc8 13. Ne2 c5 14. Qf5 Qe7 15. Rac1 Qe4 16. Qh3 Qe6 17. Qh4 Qg4 18. Ng3 Qxh4 19. Nxh4 b5 20. d3 g6 21. Nf3 Ng4 22. Be2 f5 23. Nf1 Ngf6 24. h3 Re7 25. Bd1 Rce8 26. Bc2 Bc7 27. Bb1 Bd6 28. a3 h6 29. Nh4 Kf7 30. Red1 a5 31. d4 c4 32. g4 Rg8 33. gxf5 gxf5+ 34. Kh1 Ne4 35. Bxe4 fxe4 36. bxc4 bxc4 37. Nf5 Re6 38. Nxd6+ Rxd6 39. Bc3 Rf6 40. Nh2 h5 41. Rf1 a4 42. f3 Ke6 43. fxe4 Rxf1+ 44. Nxf1 dxe4 45. Be1 Ba6 46. Ng3 Rb8 47. Bb4 Nf6 48. Kh2 h4 49. Ne2 Nd5 50. Rg1 Kf6 51. Rf1+ Kg7 52. Rg1+ Kf6 53. Rf1+ Kg7 54. Rg1+ Kf6 1/2-1/2

[Event "BL 2425 Hamburger SK - SG Solingen"]
[Site "?"]
[Date "2024.12.01"]
[Round "4.1"]
[White "Warmerdam, Max"]
[Black "Svane, Frederik"]
[Result "1-0"]
[WhiteElo "2643"]
[BlackElo "2668"]
[PlyCount "81"]
[EventDate "2024.??.??"]

1. e4 e5 2. Nf3 Nc6 3. Bb5 a6 4. Ba4 Nf6 5. O-O d6 6. c3 Bd7 7. d4 g6 8. Re1 Bg7 9. h3 O-O 10. Bc2 a5 11. Nbd2 a4 12. Nf1 Nh5 13. Bg5 Qc8 14. Rc1 Kh8 15. N1h2 Ra5 16. d5 Nd8 17. c4 b6 18. b4 axb3 19. axb3 Nb7 20. b4 Ra8 21. Be3 Qe8 22. Ra1 Rxa1 23. Qxa1 f5 24. Qa7 Qc8 25. c5 dxc5 26. bxc5 bxc5 27. Bxc5 Nxc5 28. Qxc5 Re8 29. Nd2 Nf4 30. Nhf3 c6 31. d6 Ne6 32. Qa7 fxe4 33. Bxe4 Nd4 34. Nxd4 exd4 35. Rb1 Be6 36. Rb7 Rg8 37. Nf3 Qf8 38. Re7 Bb3 39. Qb7 Ba2 40. Qa7 Bd5 41. Bxd5 1-0

[Event "BL 2425 Hamburger SK - SG Solingen"]
[Site "?"]
[Date "2024.12.01"]
[Round "4.5"]
[White "Van Wely, Loek"]
[Black "Papp, Gabor"]
[Result "1-0"]
[WhiteElo "2610"]
[BlackElo "2507"]
[PlyCount "89"]
[EventDate "2024.??.??"]

1. c4 e6 2. Nc3 d5 3. d4 Nf6 4. cxd5 exd5 5. Bg5 Be7 6. e3 h6 7. Bh4 Bg4 8. Qb3 Nbd7 9. Be2 Be6 10. Nf3 O-O 11. O-O Nb6 12. a4 a5 13. Ne5 Bf5 14. Rfc1 c6 15. h3 Ra7 16. g4 Bh7 17. f4 Nc8 18. Qd1 Nd6 19. Bxf6 Bxf6 20. Bd3 Bxd3 21. Qxd3 Ra6 22. b3 Re8 23. Rc2 Be7 24. Rg2 f6 25. Nf3 Nf7 26. Ne2 c5 27. Ng3 cxd4 28. Nxd4 Bc5 29. Ndf5 Rae6 30. Kh1 Bxe3 31. Nh5 Ba7 32. Nfxg7 Re1+ 33. Kh2 Bg1+ 34. Rxg1 R8e2+ 35. Kh1 d4 36. Qf3 Rxg1+ 37. Rxg1 d3 38. Rd1 Qd4 39. Nf5 Qb2 40. g5 Qc2 41. Nxf6+ Kh8 42. Rf1 Rh2+ 43. Kg1 d2 44. g6 d1=Q 45. g7# 1-0

[Event "BL 2425 Hamburger SK - SG Solingen"]
[Site "?"]
[Date "2024.12.01"]
[Round "4.8"]
[White "Heinemann, Thies"]
[Black "Nikolic, Predrag"]
[Result "1/2-1/2"]
[WhiteElo "2420"]
[BlackElo "2540"]
[PlyCount "103"]
[EventDate "2024.??.??"]

1. e4 e6 2. d4 d5 3. Nd2 a6 4. Bd3 c5 5. dxc5 Bxc5 6. exd5 Qxd5 7. Ngf3 Nf6 8. Qe2 Nc6 9. Ne4 Be7 10. c3 Bd7 11. O-O Qa5 12. Bd2 Qc7 13. Nxf6+ Bxf6 14. Rfe1 h6 15. Rad1 Ne7 16. Ne5 Bxe5 17. Qxe5 Qxe5 18. Rxe5 O-O-O 19. Bc2 Bc6 20. Ree1 b5 21. Be3 Rxd1 22. Rxd1 Nd5 23. Bc5 Kb7 24. f3 Re8 25. Kf2 Nf6 26. Be3 Bd5 27. a4 e5 28. Ra1 Ra8 29. axb5 axb5 30. Rxa8 Kxa8 31. Bc5 Nd7 32. Bd6 Kb7 33. Bf5 Kc6 34. Bxd7+ Kxd7 35. Bxe5 g6 36. Ke3 h5 37. h4 Ke6 38. Kd4 Bc4 39. Bc7 Bf1 40. g3 f5 41. Kc5 Kd7 42. Be5 Bc4 43. Bg7 Kc7 44. Bh6 Be2 45. Be3 Bc4 46. f4 Be2 47. Kd5 Kd7 48. Ke5 b4 49. cxb4 Kc6 50. Kf6 Kb5 51. Kxg6 Bg4 52. Bd2 1/2-1/2

[Event "BL 2425 Hamburger SK - SV Mülheim Nord"]
[Site "?"]
[Date "2025.01.11"]
[Round "5.2"]
[White "Svane, Frederik"]
[Black "Beerdsen, Thomas"]
[Result "1-0"]
[WhiteElo "2664"]
[BlackElo "2501"]
[PlyCount "145"]
[EventDate "2025.??.??"]

1. e4 e5 2. Nf3 Nc6 3. Bc4 Nf6 4. d3 Bc5 5. O-O O-O 6. Nbd2 d6 7. c3 a5 8. Re1 Ba7 9. h3 Ne7 10. d4 Ng6 11. Bd3 Re8 12. Bc2 b5 13. Nf1 Bb7 14. Ng3 h6 15. Bd2 Qe7 16. Bd3 Bc6 17. Qc2 Rad8 18. Be3 Bb6 19. Rad1 Bd7 20. Bf1 Qf8 21. b3 b4 22. c4 exd4 23. Nxd4 Ra8 24. Bc1 a4 25. Bb2 Ne5 26. Kh1 axb3 27. axb3 Ra2 28. Qb1 Rxb2 29. Qxb2 Bc8 30. Qd2 Bb7 31. f3 Bc5 32. Ngf5 Kh7 33. Nb5 g6 34. Ng3 Qe7 35. Nd4 Ned7 36. Qf4 Ra8 37. Nb5 Bb6 38. Qd2 Qe5 39. f4 Qc5 40. Bd3 Re8 41. Bc2 Nh5 42. Nxh5 Qxh5 43. Qe2 Qh4 44. Qg4 Qxg4 45. hxg4 Nf6 46. e5 dxe5 47. Rxe5 Rxe5 48. fxe5 Nxg4 49. Rd7 Ne3 50. e6 Bxg2+ 51. Kh2 Bc6 52. c5 Bxc5 53. Rxf7+ Kg8 54. Rxc7 Bxb5 55. Rxc5 Nxc2 56. Rxb5 Kf8 57. Rb7 g5 58. Kg3 h5 59. e7+ Kf7 60. Kf3 g4+ 61. Kf4 g3 62. Kxg3 Nd4 63. Rxb4 Nc6 64. Rh4 Kxe7 65. Rxh5 Kd6 66. Kf4 Nd4 67. b4 Nc2 68. Rb5 Nd4 69. Rh5 Nc2 70. b5 Na3 71. b6 Kc6 72. Ra5 Nc4 73. Rc5+ 1-0

[Event "BL 2425 Hamburger SK - SV Mülheim Nord"]
[Site "?"]
[Date "2025.01.11"]
[Round "5.3"]
[White "Buckels, Valentin"]
[Black "Svane, Rasmus"]
[Result "1/2-1/2"]
[WhiteElo "2441"]
[BlackElo "2624"]
[PlyCount "52"]
[EventDate "2025.??.??"]

1. c4 e5 2. g3 Nf6 3. Bg2 h6 4. Nc3 Bb4 5. Qc2 O-O 6. Nf3 Re8 7. O-O d6 8. d3 Nc6 9. a3 Bxc3 10. Qxc3 d5 11. cxd5 Nxd5 12. Qc5 Nf6 13. Be3 e4 14. Nd4 Nxd4 15. Bxd4 exd3 16. exd3 c6 17. b4 a6 18. a4 Be6 19. b5 axb5 20. axb5 Rxa1 21. Bxa1 Qxd3 22. Bxf6 gxf6 23. bxc6 bxc6 24. Qxc6 Rc8 25. Qf3 Qxf3 26. Bxf3 Kg7 1/2-1/2

[Event "BL 2425 Hamburger SK - SV Mülheim Nord"]
[Site "?"]
[Date "2025.01.11"]
[Round "5.4"]
[White "Mendonca, Leon Luke"]
[Black "Zelbel, Patrick"]
[Result "1-0"]
[WhiteElo "2639"]
[BlackElo "2490"]
[PlyCount "57"]
[EventDate "2025.??.??"]

1. d4 Nf6 2. c4 g6 3. Nc3 Bg7 4. e4 d6 5. Be2 O-O 6. Nf3 e5 7. O-O h6 8. a3 Nh5 9. Re1 Nf4 10. Bf1 exd4 11. Nxd4 Ne6 12. Be3 Nc6 13. Nxe6 Bxe6 14. Rc1 a6 15. b4 Re8 16. Nd5 Rc8 17. Qd2 Kh7 18. f4 Qd7 19. Bf2 f5 20. Bd3 Nd4 21. Rcd1 Bxd5 22. cxd5 c5 23. dxc6 Rxc6 24. exf5 Nxf5 25. Rxe8 Qxe8 26. Bb1 Qe6 27. h3 h5 28. Re1 Bc3 29. Qxc3 1-0

[Event "BL 2425 Hamburger SK - SV Mülheim Nord"]
[Site "?"]
[Date "2025.01.11"]
[Round "5.5"]
[White "Feygin, Michael"]
[Black "Huschenbeth, Niclas"]
[Result "1/2-1/2"]
[WhiteElo "2451"]
[BlackElo "2596"]
[PlyCount "251"]
[EventDate "2025.??.??"]

1. d4 d5 2. Nf3 Nf6 3. Bf4 c5 4. e3 Nc6 5. Nbd2 cxd4 6. exd4 Bf5 7. Bb5 Qb6 8. c4 dxc4 9. a4 Bd3 10. Ne5 e6 11. Ndxc4 Bb4+ 12. Bd2 Bxc4 13. Nxc4 Bxd2+ 14. Qxd2 Qc7 15. Ne5 O-O 16. Bxc6 bxc6 17. Rc1 c5 18. Rxc5 Qb7 19. f3 Nd7 20. Rb5 Qc8 21. Ng4 Rb8 22. O-O Rxb5 23. axb5 Qc4 24. Ra1 Qxb5 25. Rxa7 Qc6 26. Qg5 h5 27. Rxd7 hxg4 28. Rd8 Rxd8 29. Qxd8+ Kh7 30. Qh4+ Kg8 31. Qd8+ Kh7 32. Qh4+ Kg8 33. Qxg4 Qc1+ 34. Kf2 Qxb2+ 35. Kg3 Qd2 36. Qf4 Qe1+ 37. Kh3 Qf2 38. Qb8+ Kh7 39. Qc7 f6 40. Qf7 Qxd4 41. Qh5+ Kg8 42. Qe8+ Kh7 43. Qxe6 Qc5 44. Qe4+ Kg8 45. Qe8+ Kh7 46. Qe4+ Kg8 47. Kg3 Qg5+ 48. Kf2 Qc5+ 49. Qe3 Qc2+ 50. Kf1 Qb1+ 51. Kf2 Qc2+ 52. Kf1 Qb1+ 53. Qe1 Qb6 54. Qe8+ Kh7 55. Qe4+ Kg8 56. h4 Qc5 57. g4 Qc1+ 58. Qe1 Qc4+ 59. Qe2 Qc1+ 60. Kg2 Kf7 61. Qa2+ Kf8 62. Qa8+ Kf7 63. Qd5+ Kf8 64. h5 Qc2+ 65. Kg3 Qc7+ 66. Kf2 Qh2+ 67. Ke3 Qg1+ 68. Kf4 Qc1+ 69. Kf5 Qc2+ 70. Kf4 Qc1+ 71. Ke4 Qb1+ 72. Qd3 Qe1+ 73. Kd5 Qa5+ 74. Kc4 Qc7+ 75. Kb3 Qb6+ 76. Kc2 Qf2+ 77. Kd1 Qg1+ 78. Ke2 Qg2+ 79. Ke3 Qg1+ 80. Ke4 Qe1+ 81. Qe3 Qb1+ 82. Kf4 Qb8+ 83. Kf5 Qb1+ 84. Ke6 Qa2+ 85. Kd6 Qa6+ 86. Kc7 Qc4+ 87. Kd7 Qd5+ 88. Kc7 Qc4+ 89. Kb6 Qb4+ 90. Kc6 Qa4+ 91. Kd5 Qa2+ 92. Kd4 Qa1+ 93. Qc3 Qd1+ 94. Ke3 Qg1+ 95. Kf4 Kg8 96. Qc8+ Kh7 97. Qc2+ Kh8 98. Qd2 Qc5 99. Kg3 Qg1+ 100. Qg2 Qe1+ 101. Qf2 Qc3 102. Qe2 Qc1 103. Kg2 Kh7 104. Qe4+ Kh8 105. f4 Qd2+ 106. Kg3 Qc3+ 107. Kh4 Qd2 108. g5 fxg5+ 109. fxg5 Qh2+ 110. Kg4 Qg1+ 111. Kf5 Qc5+ 112. Kg6 Qd6+ 113. Kf7 Qc7+ 114. Kf8 Qc5+ 115. Kf7 Qc7+ 116. Qe7 Qc4+ 117. Qe6 Qc7+ 118. Kf8 Qc5+ 119. Qe7 Qf5+ 120. Ke8 Qb5+ 121. Kd8 Qb8+ 122. Kd7 Qb7+ 123. Ke8 Qb5+ 124. Kf8 Qf5+ 125. Qf7 Qc5+ 126. Qe7 1/2-1/2

[Event "BL 2425 Hamburger SK - SV Mülheim Nord"]
[Site "?"]
[Date "2025.01.11"]
[Round "5.6"]
[White "Lampert, Jonas"]
[Black "Hausrath, Daniel"]
[Result "1-0"]
[WhiteElo "2526"]
[BlackElo "2455"]
[PlyCount "113"]
[EventDate "2025.??.??"]

1. d4 d6 2. e4 Nf6 3. Nc3 e5 4. dxe5 dxe5 5. Qxd8+ Kxd8 6. Bc4 Be6 7. Bxe6 fxe6 8. f3 Bd6 9. Nh3 Ke7 10. Nf2 a6 11. Be3 Nbd7 12. Nb1 b5 13. Nd2 Rhb8 14. Ke2 Nb6 15. b3 Bb4 16. c3 Bxc3 17. Rac1 Bxd2 18. Kxd2 Ne8 19. Nd3 Nd7 20. Nb4 Rc8 21. Nc6+ Kf6 22. g4 Nd6 23. Ke2 h6 24. h4 Nf7 25. Na7 Rxa7 26. Bxa7 c5 27. b4 c4 28. Rhd1 Rc7 29. Be3 Nf8 30. h5 Nd7 31. Rc2 Ke7 32. a4 Nd8 33. axb5 axb5 34. g5 Nc6 35. gxh6 gxh6 36. Rcc1 Nxb4 37. Bxh6 Nd3 38. Rb1 b4 39. Bd2 b3 40. h6 Nf6 41. Rg1 Kd6 42. Rxb3 cxb3 43. Kxd3 Rb7 44. Rb1 Nd7 45. Kc4 Rc7+ 46. Kxb3 Nc5+ 47. Ka3 Rf7 48. Rf1 Nxe4 49. Bb4+ Nc5 50. Rc1 Ra7+ 51. Kb2 Rb7 52. Rc4 Kd5 53. Rxc5+ Kd4 54. Kb3 Rh7 55. Rc4+ Ke3 56. Rc3+ Kf4 57. Bf8 1-0

[Event "BL 2425 Hamburger SK - SV Mülheim Nord"]
[Site "?"]
[Date "2025.01.11"]
[Round "5.7"]
[White "Dinstuhl, Volkmar"]
[Black "Costa, Leonardo"]
[Result "1/2-1/2"]
[WhiteElo "2379"]
[BlackElo "2494"]
[PlyCount "137"]
[EventDate "2025.??.??"]

1. b3 Nf6 2. Bb2 d5 3. Nf3 e6 4. c4 Be7 5. e3 O-O 6. Be2 c5 7. O-O dxc4 8. bxc4 b6 9. d3 Bb7 10. Nbd2 Nc6 11. Ne5 Nxe5 12. Bxe5 Nd7 13. Bb2 Bf6 14. Bxf6 Qxf6 15. Bf3 Bxf3 16. Nxf3 Rfd8 17. Qe2 Nb8 18. Rab1 Nc6 19. Rfc1 h6 20. Rb3 Rd7 21. h3 Rad8 22. Ne1 e5 23. a3 Qe6 24. Qc2 f5 25. Rc3 Rd6 26. Qe2 g6 27. Nf3 e4 28. dxe4 fxe4 29. Nh2 Ne5 30. Nf1 h5 31. Qc2 Nd3 32. Rd1 Kh7 33. f4 a6 34. Rb1 Rg8 35. Ng3 h4 36. Ne2 Qf6 37. Rf1 b5 38. cxb5 axb5 39. Rb3 b4 40. axb4 cxb4 41. Nd4 Rg7 42. f5 Rf7 43. Qc4 Rdd7 44. Rbb1 Qg5 45. fxg6+ Qxg6 46. Ne6 Ne5 47. Qa2 b3 48. Rxf7+ Rxf7 49. Qxb3 Qg3 50. Kh1 Nf3 51. gxf3 Qxf3+ 52. Kg1 Qg3+ 53. Kh1 Qxh3+ 54. Kg1 Qg3+ 55. Kh1 Qh3+ 56. Kg1 Qg4+ 57. Kh1 Rf3 58. Nf4 Qd7 59. Qb7 Qxb7 60. Rxb7+ Kh6 61. Nd5 Kg5 62. Rg7+ Kf5 63. Kg2 Ke6 64. Rg5 Kd6 65. Rh5 Ke6 66. Nf4+ Kd6 67. Nd5 Ke6 68. Nf4+ Kd6 69. Nd5 1/2-1/2

[Event "BL 2425 Hamburger SK - SV Mülheim Nord"]
[Site "?"]
[Date "2025.01.11"]
[Round "5.8"]
[White "Kramer, Julian"]
[Black "Albers, Sasa"]
[Result "1-0"]
[WhiteElo "2480"]
[BlackElo "2249"]
[PlyCount "169"]
[EventDate "2025.??.??"]

1. e4 c6 2. d4 d5 3. exd5 cxd5 4. Bd3 Nc6 5. c3 Qc7 6. h3 e6 7. Nf3 Bd6 8. O-O Nge7 9. Re1 O-O 10. b3 Rd8 11. Bb2 Ng6 12. c4 Nf4 13. c5 Bf8 14. Bb5 f6 15. Qd2 Bd7 16. Nc3 Be8 17. Bf1 Bf7 18. g3 Ng6 19. b4 e5 20. Nb5 Qb8 21. dxe5 Ngxe5 22. Nbd4 Nc4 23. Qc3 Qc8 24. a3 N6e5 25. Nd2 b6 26. cxb6 axb6 27. Rac1 Qd7 28. f4 Nxd2 29. fxe5 fxe5 30. Qxd2 exd4 31. Qxd4 Qd6 32. Re5 Qg6 33. Re3 Rd6 34. Rc7 Re8 35. Rxe8 Bxe8 36. Kh2 Bd7 37. Bg2 Be6 38. Rb7 Bf7 39. Rb8 Qf6 40. Qxf6 gxf6 41. Bd4 Rc6 42. Bf1 Bg6 43. Bxb6 Kf7 44. Bd4 Rc2+ 45. Kg1 Bd6 46. Rb7+ Kf8 47. Bc5 Bxc5+ 48. bxc5 Rxc5 49. a4 Ra5 50. Rb4 Ke7 51. Kf2 Kd6 52. Bb5 Be4 53. Ke3 Ke5 54. g4 f5 55. gxf5 Bxf5 56. Rh4 Bg6 57. Bd3 Ra7 58. Bxg6 hxg6 59. Rb4 g5 60. Rg4 Kf5 61. Kd2 Rh7 62. Rg3 Ke4 63. a5 Ra7 64. Ra3 Ra6 65. Ra4+ d4 66. Ra3 Kd5 67. Rg3 Kc4 68. Rxg5 Rh6 69. Rg3 Kb4 70. Kd3 Kxa5 71. Kxd4 Kb6 72. Rc3 Re6 73. Kd5 Re1 74. h4 Rh1 75. Rc4 Re1 76. Kd6 Kb7 77. h5 Rh1 78. Rc5 Re1 79. Kd7 Kb6 80. Rc6+ Kb5 81. h6 Re2 82. Rg6 Rh2 83. Ke7 Kc5 84. Kf7 Kd5 85. Kg7 1-0

[Event "BL 2425 FC St. Pauli - SG Solingen"]
[Site "?"]
[Date "2025.01.11"]
[Round "5.1"]
[White "Warmerdam, Max"]
[Black "Carlsen, Magnus"]
[Result "0-1"]
[WhiteElo "2646"]
[BlackElo "2831"]
[PlyCount "66"]
[EventDate "2025.??.??"]

1. c4 e5 2. g3 g6 3. d4 d6 4. Nf3 Nd7 5. Nc3 Bg7 6. Bg2 Ngf6 7. O-O O-O 8. Qc2 Re8 9. Rd1 e4 10. Ne1 Nb6 11. c5 Nbd5 12. cxd6 Qxd6 13. Bg5 e3 14. f3 Nxc3 15. bxc3 Nd5 16. c4 h6 17. cxd5 hxg5 18. Rac1 Bf5 19. Qb3 Rab8 20. Qc4 Rbd8 21. f4 gxf4 22. Qxc7 fxg3 23. Qxd6 Rxd6 24. hxg3 Ra6 25. Bf3 Bf8 26. g4 Be4 27. Rc7 Rxa2 28. Kf1 Rd2 29. Ra1 Rxd4 30. Rxa7 Bxd5 31. Bxd5 Rxd5 32. Kg2 Rd2 33. Kf3 Rd1 0-1

[Event "BL 2425 FC St. Pauli - SG Solingen"]
[Site "?"]
[Date "2025.01.11"]
[Round "5.2"]
[White "Howell, David W L"]
[Black "L'Ami, Erwin"]
[Result "0-1"]
[WhiteElo "2673"]
[BlackElo "2614"]
[PlyCount "100"]
[EventDate "2025.??.??"]

1. Nf3 c5 2. c4 Nc6 3. d4 cxd4 4. Nxd4 g6 5. e4 Bg7 6. Be3 Qb6 7. Nb3 Qd8 8. Nd4 Qb6 9. Nb5 Qa5+ 10. N1c3 Nf6 11. f3 d6 12. Be2 O-O 13. O-O a6 14. Nd4 Nxd4 15. Bxd4 Be6 16. b3 Rfc8 17. f4 b5 18. f5 Bd7 19. Kh1 Bc6 20. a3 Rab8 21. e5 dxe5 22. Bxe5 bxc4 23. Bxb8 Rxb8 24. b4 Qe5 25. Bf3 gxf5 26. Rc1 Bxf3 27. Qxf3 e6 28. g3 Ng4 29. Qf4 Rc8 30. h3 Ne3 31. Qxe5 Bxe5 32. Rfe1 Bxc3 33. Rxc3 Nd5 34. Rc2 h5 35. Kg2 Kg7 36. Kf3 Kf6 37. Rd1 c3 38. Rd4 Ke5 39. Rd1 Rc4 40. Re1+ Kd6 41. Rb1 Kc6 42. Ke2 Re4+ 43. Kf2 Rd4 44. Ke1 Rd3 45. Rg2 Ne3 46. Rg1 Rd2 47. Rb3 Rc2 48. a4 Kd5 49. b5 Kc4 50. bxa6 Kd3 0-1